| 000 | 00743nam a2200205Ia 4500 | ||
|---|---|---|---|
| 003 | GCL | ||
| 008 | 140319s9999 xx 000 0 ara d | ||
| 040 |
_aGCL / _cGCL |
||
| 082 | 0 | 4 |
_a320.1 _bا و |
| 100 | 1 | _aاحمد صدقى الدجانى | |
| 245 | 1 | 0 |
_aوحدة التنوع وحضارة عربية اسلامية فى عالم مترابط / _cاحمد صدقى الدجانى |
| 260 |
_a[S.N] : _bدار المستقبل العربى ، _c1990 |
||
| 300 | _a334 ص | ||
| 490 | _a | ||
| 650 | 0 | 4 | _aالحضارة العربية الاسلامية - المعارف البحرية |
| 650 | 0 | 4 | _aالوحدة العربية |
| 650 | 0 | 4 | _aثورة 23 يوليو 1952 |
| 650 | 0 | 4 | _aالحضارة الاسلامية |
| 942 |
_2ddc _cBK |
||
| 999 |
_c47994 _d47994 |
||